Kanji verbs multiple choice Meanings 02 Quiz Stats

 Plays Quiz not verified by Sporcle

Score 0/20 Timer 05:00
0 Plays Today
Question Answer Wrong Answers
talk 話す
91.7%
入る
0%
渡る
0%
働く
0%
study 学ぶ
88.9%
下る
2.8%
切る
0%
読む
2.8%
look 見る
86.1%
借りる
0%
連れる
0%
追う
2.8%
listen 聞く
86.1%
入る
2.8%
運ぶ
2.8%
会う
0%
stand 立つ
86.1%
疲れる
5.6%
連れる
0%
教える
0%
show 見せる
83.3%
出る
2.8%
洗う
0%
動く
5.6%
teach 教える
83.3%
出す
2.8%
浴びる
5.6%
着く
0%
stop 止まる
80.6%
走る
2.8%
教える
0%
注ぐ
8.3%
hurry 急ぐ
80.6%
売る
5.6%
学ぶ
2.8%
作る
8.3%
pull 引く
77.8%
来る
0%
話す
2.8%
使う
11.1%
push 押す
75%
行く
2.8%
見せる
5.6%
焼く
8.3%
practice 練る
75%
乗る
11.1%
着る
2.8%
思う
2.8%
fly 飛ぶ
75%
買う
2.8%
結ぶ
5.6%
比べる
13.9%
take along 連れる
69.4%
泳ぐ
5.6%
引く
11.1%
信じる
5.6%
be late 遅れる
66.7%
貸す
8.3%
練る
8.3%
訪れる
16.7%
break 壊す
66.7%
洗う
11.1%
補う
13.9%
会う
2.8%
learn 習う
61.1%
登る
2.8%
調べる
25%
寝る
5.6%
build 建てる
58.3%
要る
22.2%
送る
11.1%
来る
0%
lodge 泊まる
52.8%
歩く
2.8%
習う
11.1%
呼ぶ
25%
join 結ぶ
44.4%
上がる
0%
直す
16.7%
眠る
27.8%

You're not logged in!

Compare scores with friends on all Sporcle quizzes.
OR
Log In

Sporcle TV

Today on Sporcle TV


Watch our educational content, quiz creation guides, and fun videos on Sporcle TV.

Show Comments

Extras

Top Quizzes Today


Score Distribution

Your Account Isn't Verified!

In order to create a playlist on Sporcle, you need to verify the email address you used during registration. Go to your Sporcle Settings to finish the process.

Report this User

Report this user for behavior that violates our Community Guidelines.

Details: